000 02198cam a22006014i 4500
003 PE-LiUPU
005 20250731170453.0
008 150706s2010 mx a rb 000 0 spa d
020 _a978607483920
035 _a(Sirsi) i978607483920
040 _aPE-LiUPU
_bspa
_cPE-LiUPU
_dPE-LiUPU
_erda
049 _aPRUA
082 0 4 _a150
_bN48
_221
100 1 _aNevid, Jeffrey S.,
_eautor.
245 1 0 _aPsicología :
_bconceptos y aplicaciones /
_cJeffrey S. Nevid.
250 _a3a edición.
264 1 _aMéxico :
_bCengage Learning,
_c2010.
300 _apáginación variada :
_bilustraciones ;
_c27 centímetros
336 _atext
_2rdacontent
337 _aunmediated
_2rdamedia
338 _avolume
_2rdacarrier
504 _aIncluye referencias bibliográficas.
505 0 _aLa ciencia de la Psicología -- Fundamentos biológicos de la conducta -- Sensación y percepción -- Conciencia -- Aprendizaje -- Memoria -- Pensamiento, lenguaje e inteligencia -- Motivación y emoción -- desarrollo infantil -- Adolescencia y adultez -- Género y sexualidad -- Psicología y salud -- Personalidad -- Trastornos psicológicos -- Métodos de terapia -- Psicología social.
526 _aSEG68
526 _aSEG70
526 _aSEG69
526 _aSEG67
526 _aSEG43
526 _aP144
526 _aP143
526 _aP131
526 _aP122
526 _aP120
526 _aP117
526 _aP112
526 _aP110
526 _aP106
526 _aP101
526 _aP80
526 _aP59
526 _aP54
526 _aP35
526 _aP33
526 _aP30
541 _g001-003364;
650 0 4 _aPsicología.
_95567
910 _agl20110907
942 _2ddc
_cBOOK
949 _a150 N48
_wDEWEY
_c1
_i63622
_lCCODEBUL1
_mBUL
_p56.00
_r0
_sY
_tBOOK
_u2015-7-6
_xSALUD
_PP33
_o.STAFF. Colección Ciencias de la Salud
994 _aC0
_bPEPRU
596 _a1
999 _a150 N48
_wDEWEY
_c52531
_i63622
_d52531
_e2022-7-5
_f2022-6-6
_g5
_lCCODEBUL1
_mBUL
_n58
_p56.00
_q17
_r0
_sY
_tBOOK
_u2015-7-6
_xSALUD
_zP33
_0COMPRA
_o.STAFF. Colección Ciencias de la Salud
980 _81
_gALBERTO SANCHEZ Responsable de Automatización